000 00536nam a2200193Ia 4500
005 20250326140222.0
008 250326s9999 xx 000 0 und d
020 _a81-7476-422-4
037 _aTextbook
040 _aFMSL
_beng
_cFMSL
041 _aeng
_2eng
084 _aX.44 P3
_qFMSL
100 _aReddy Y Venugopal
245 0 _aEconomic policy in India managing change
_cReddy Y Venugopal
260 _aNew Delhi
_bNew Delhi, UBS
_c2003
300 _axl,328
942 _cTB
_hX.44 P3
999 _c1284791
_d1284791